000 00442cam a2200145 4500500
005 20251012013814.0
041 _afre
042 _adc
100 1 0 _aLefèvre, Mathias
_eauthor
245 0 0 _aBack matter
260 _c2025.
500 _a56
786 0 _nÉcologie & politique | 70 | 1 | 2025-05-28 | p. 200-202 | 1166-3030
856 4 1 _uhttps://shs.cairn.info/journal-ecologie-politique-2025-1-page-200?lang=en&redirect-ssocas=7080
999 _c1530181
_d1530181